000 00418nam a22001457a 4500
005 20170911150715.0
008 170911b xxu||||| |||| 00| 0 eng d
040 _cPK-LaUMT
082 _aPKAC 297.075491
_bTAL-M
100 _aTalat Sultan
245 _aMuslim education and community development/
_cTalat Sultan
260 _aMakkah:
_bCenter for research in Islamic education,
_c1991
300 _a65 p.
942 _cBK
999 _c98086
_d98086